[Event "Pardubice Czech op-C 29th"]
[Site "Pardubice"]
[Date "2018.07.28"]
[Round "9"]
[White "Svetly, Jiri"]
[Black "Kan, Efim"]
[Result "0-1"]
[WhiteElo "1985"]
[BlackElo "1796"]
[PlyCount "58"]
[EventDate "2018.07.21"]
[EventType "swiss"]
[EventRounds "9"]
[EventCountry "CZE"]
[SourceTitle "CBM 186 Extra"]
[Source "ChessBase"]
[SourceDate "2018.08.24"]
[SourceVersion "1"]
[SourceVersionDate "2018.08.24"]
[SourceQuality "1"]

1. d4 Nf6 2. c4 g6 3. Nc3 Bg7 4. e4 d6 5. Bg5 0-0 6. f4 h6 7. Bh4 c5 8. d5 Qa5 9. Qd2 a6 10. Nf3 Re8 11. Bd3 e6 12. 0-0 exd5 13. Bxf6 Bxf6 14. e5 Bg7 15. cxd5 c4 16. Bc2 Bg4 17. Qf2 Qc7 18. Ne4 dxe5 19. Nxe5 Bf5 20. d6 Qd8 21. Rad1 Nd7 22. g4 Nxe5 23. fxe5 Be6 24. Nc5 Qg5 25. h3 Qxe5 26. d7 Red8 27. Rfe1 Qg5 28. Nxe6 fxe6 29. Qf7+ Kxf7 0-1